Interlinking of computer networks: (Record no. 16990)
[ view plain ]
| 000 -LEADER | |
|---|---|
| fixed length control field | 00603nam a22001697a 4500 |
| 008 - FIXED-LENGTH DATA ELEMENTS--GENERAL INFORMATION | |
| fixed length control field | 230331b |||||||| |||| 00| 0 eng d |
| 020 ## - INTERNATIONAL STANDARD BOOK NUMBER | |
| International Standard Book Number | 9789027709790 |
| 040 ## - CATALOGING SOURCE | |
| Original cataloging agency | National Science Library |
| Transcribing agency | National Science Library |
| 080 ## - UNIVERSAL DECIMAL CLASSIFICATION NUMBER | |
| Universal Decimal Classification number | D 682.324(082.2) |
| Item number | L9 |
| 245 ## - TITLE STATEMENT | |
| Title | Interlinking of computer networks: |
| Statement of responsibility, etc. | / Proceedings of the NATO Advanced Study Institute held at Bonas, France, August 28 - September 8, 1978 |
| 260 ## - PUBLICATION, DISTRIBUTION, ETC. | |
| Place of publication, distribution, etc. | Dordrecht, |
| Name of publisher, distributor, etc. | D. Reidel Pub. Co., |
| Date of publication, distribution, etc. | 1979 |
| 300 ## - PHYSICAL DESCRIPTION | |
| Extent | x, 475p. |
| 650 ## - SUBJECT ADDED ENTRY--TOPICAL TERM | |
| Topical term or geographic name entry element | Computer networks |
| 653 ## - INDEX TERM--UNCONTROLLED | |
| Uncontrolled term | Computers |
| 700 ## - ADDED ENTRY--PERSONAL NAME | |
| Personal name | Beauchamp, K G (Ed.) |
| 942 ## - ADDED ENTRY ELEMENTS (KOHA) | |
| Source of classification or shelving scheme | Universal Decimal Classification |
| Koha item type | Proceedings |
| Withdrawn status | Lost status | Source of classification or shelving scheme | Damaged status | Not for loan | Home library | Current library | Shelving location | Date acquired | Total Checkouts | Full call number | Barcode | Date last seen | Price effective from | Koha item type |
|---|---|---|---|---|---|---|---|---|---|---|---|---|---|---|
| Universal Decimal Classification | National Science Library | National Science Library | GF/Rk-4/C-15/R-3 | 25/10/1979 | D 682.324(082.2) L9 | 89561 | 31/03/2023 | 25/10/1979 | Proceedings |